| 000 | 01464nam a2200253Ia 4500 | ||
|---|---|---|---|
| 999 |
_c40862 _d40862 |
||
| 001 | 7504 | ||
| 003 | GE_BSU | ||
| 005 | 20200108122027.0 | ||
| 008 | 181216s2013||||ge |||||||||||||| ||geo|| | ||
| 020 | _a1987-7579 | ||
| 040 | _cGE_BSU | ||
| 041 | _ageo | ||
| 080 | _a159.9.07 ფ–96 | ||
| 245 |
_aფსიქოლოგიური გამოკვლევები. N 6 / _cრედაქტორები: ნოდარ ბარამიძე, გურამ ჩაგანავა. |
||
| 264 |
_aბათუმი : _bშოთა რუსთაველის სახ. უნ–ტი, _c2013. |
||
| 300 |
_a337 გვ.; _b21 სმ. |
||
| 541 | _h10ლ. 99თ. | ||
| 653 | _aფსიქოლოგია | ||
| 700 |
_aბარამიძე, ნოდარ _eრედაქტორი _96006 |
||
| 700 |
_a ჩაგანავა, გურამ _96007 _eრედაქტორი |
||
| 710 |
_aსაქ. განათლებისა და მეცნიერების სამინისტრო _92195 |
||
| 710 |
_aშოთა რუსთაველის სახელმწ. უნ-ტი _bსოციალურ მეცნიერებათა, ბიზნესისა და სამართალმცოდნეობის ფაკულტეტი. სოციალურ მეცნიერებათა დეპარტამენტი _96008 |
||
| 942 |
_cBK _2udc |
||